| 000 | 01463nam a2200385Ia 4500 | ||
|---|---|---|---|
| 001 | ebr10484085 | ||
| 003 | CaPaEBR | ||
| 006 | m u | ||
| 007 | cr cn||||||||| | ||
| 008 | 960619s1996 ne a sb 001 0 eng d | ||
| 010 | _z 96028754 | ||
| 020 | _z9789027251305 | ||
| 020 | _z1556191901 | ||
| 020 | _z9027251304 | ||
| 040 |
_aCaPaEBR _cCaPaEBR |
||
| 035 | _a(OCoLC)744333843 | ||
| 050 | 1 | 4 |
_aBF325 _b.N48 1996eb |
| 082 | 0 | 4 |
_a153.4 _220 |
| 100 | 1 | _aNewton, Natika. | |
| 245 | 1 | 0 |
_aFoundations of understanding _h[electronic resource] / _cNatika Newton. |
| 260 |
_aAmsterdam ; _aPhiladelphia : _bJohn Benjamins Pub. Co., _cc1996. |
||
| 300 |
_ax, 210 p. : _bill. |
||
| 490 | 1 |
_aAdvances in consciousness research ; _vv. 10 |
|
| 504 | _aIncludes bibliographical references (p. [199]-205) and index. | ||
| 533 |
_aElectronic reproduction. _bPalo Alto, Calif. : _cebrary, _d2013. _nAvailable via World Wide Web. _nAccess may be limited to ebrary affiliated libraries. |
||
| 650 | 0 | _aComprehension. | |
| 650 | 0 | _aComprehension (Theory of knowledge) | |
| 650 | 0 | _aCognition. | |
| 650 | 0 |
_aCommunication _xPsychological aspects. |
|
| 650 | 0 | _aHuman information processing. | |
| 655 | 7 |
_aElectronic books. _2local |
|
| 710 | 2 | _aebrary, Inc. | |
| 830 | 0 |
_aAdvances in consciousness research ; _vv. 10. |
|
| 856 | 4 | 0 |
_uhttp://site.ebrary.com/lib/rucke/Doc?id=10484085 _zAn electronic book accessible through the World Wide Web; click to view |
| 999 |
_c120624 _d120624 |
||